Back to the Future Quiz - Statistics

General Stats
  • This quiz has been taken 1,747 times
    1,648 since last reset
  • The average score is 5 of 6
Answer Stats
Hint Answer % Correct
What is Doc Brown's dog's name? Einstein
96%
What type of car is the time machine? De Lorean
89%
What is the actor of Marty's name? Michael J. Fox
87%
What phyical act did George McFly use against Biff and the end? Punch
80%
What is Marty's girlfriend's name? Jennifer
76%
What type of glasses does one of Biff's cronies wear? 3D
48%
No matching quizzes found
Score Distribution
Percent of People with Each Score
Percentile by Number Answered
Your Score History
You have not taken this quiz since the last reset